Роль корпоративной культуры в управлении изменениями организации; Инженерное образование; № 2

Xehetasun bibliografikoak
Parent link:Инженерное образование: электронный научный журнал/ Ассоциация инженерного образования России (АИОР).— : [Б. и.], 2003-.— 1810-2883
№ 2.— 2004.— [С. 32-37]
Egile nagusia: Пушных В. А. Виктор Александрович
Gaia:Заглавие с титульного листа
Functioning under conditions of turbulent environment is a distinctive feature of all modern organizations and enterprises. Such an environment requires the enterprises to permanently be ready to changes, to implement the changes, to manage the changes. To perform these activities properly an enterprise should become a "learning" organization. Organizational culture of an enterprise is another feature providing its successful movement on the way of changes. If the corporative culture is not a key point for the top managers of an enterprise any changes, even good planned and timely started, are implemented with great difficulties or fail. A method of study of an organizational culture allowing to do it in a quick and simple way as well as to trace the dynamics of this culture is described in the article. The method has been used for study of organizational culture and for planning change strategy of Tomsk Polytechnic University.
Hizkuntza:errusiera
Argitaratua: 2004
Saila:Инновационный университет
Gaiak:
Sarrera elektronikoa:https://old.aeer.ru/files/io/m2/st4.pdf
Formatua: MixedMaterials Baliabide elektronikoa Liburu kapitulua
KOHA link:https://koha.lib.tpu.ru/cgi-bin/koha/opac-detail.pl?biblionumber=506302

MARC

LEADER 00000naa2a2200000 4500
001 506302
005 20250520152629.0
035 |a (RuTPU)RU\TPU\prd\177187 
035 |a RU\TPU\prd\177168 
090 |a 506302 
100 |a 20130507d2004 k y0rusy50 ca 
101 0 |a rus 
102 |a RU 
135 |a drnn ---uucaa 
181 0 |a i  
182 0 |a b 
200 1 |a Роль корпоративной культуры в управлении изменениями организации  |b Электронный ресурс  |f В. А. Пушных 
203 |a Текст  |c электронный 
215 |a 1 файл (670 Кб) 
225 1 |a Инновационный университет 
230 |a Электронные текстовые данные (1 файл : 670 Кб) 
300 |a Заглавие с титульного листа 
320 |a [Библиогр.: с. 37 (15 назв.)] 
330 |a Functioning under conditions of turbulent environment is a distinctive feature of all modern organizations and enterprises. Such an environment requires the enterprises to permanently be ready to changes, to implement the changes, to manage the changes. To perform these activities properly an enterprise should become a "learning" organization. Organizational culture of an enterprise is another feature providing its successful movement on the way of changes. If the corporative culture is not a key point for the top managers of an enterprise any changes, even good planned and timely started, are implemented with great difficulties or fail. A method of study of an organizational culture allowing to do it in a quick and simple way as well as to trace the dynamics of this culture is described in the article. The method has been used for study of organizational culture and for planning change strategy of Tomsk Polytechnic University. 
337 |a Adobe Reader 
461 1 |0 (RuTPU)RU\TPU\prd\176632  |x 1810-2883  |t Инженерное образование  |o электронный научный журнал  |f Ассоциация инженерного образования России (АИОР)  |n [Б. и.]  |d 2003- 
463 1 |0 (RuTPU)RU\TPU\prd\177140  |t № 2  |v [С. 32-37]  |d 2004 
601 0 2 |a Томский политехнический университет (ТПУ)  |c (1991-2009)  |2 stltpush  |3 (RuTPU)RU\TPU\col\376 
610 1 |a инновационные университеты 
610 1 |a организационная культура 
610 1 |a изучение 
610 1 |a изменения 
610 1 |a управление 
610 1 |a труды учёных ТПУ 
610 1 |a электронный ресурс 
700 1 |a Пушных  |b В. А.  |c специалист в области менеджмента  |c доцент Томского политехнического университета, кандидат технических наук  |c директор центра программ МВА Томского политехнического университета  |f 1950-  |g Виктор Александрович  |2 stltpush  |3 (RuTPU)RU\TPU\pers\27704 
801 1 |a RU  |b 63413507  |c 20090623  |g PSBO 
801 2 |a RU  |b 63413507  |c 20130507  |g PSBO 
856 4 |u https://old.aeer.ru/files/io/m2/st4.pdf 
942 |c BK